100 facts inventions / (Record no. 6348)

MARC details
000 -LEADER
fixed length control field 01783cam a2200349 i 4500
001 - CONTROL NUMBER
control field 6348
003 - CONTROL NUMBER IDENTIFIER
control field FISKH
005 - DATE AND TIME OF LATEST TRANSACTION
control field 20250423110149.0
008 - FIXED-LENGTH DATA ELEMENTS--GENERAL INFORMATION
fixed length control field 150609r20132003nyua j 001 0 eng
010 ## - LIBRARY OF CONGRESS CONTROL NUMBER
LC control number 2015413167
020 ## - INTERNATIONAL STANDARD BOOK NUMBER
International Standard Book Number 9781435150928 (hardback)
020 ## - INTERNATIONAL STANDARD BOOK NUMBER
International Standard Book Number 9781842368794
040 ## - CATALOGING SOURCE
Original cataloging agency DLC
Language of cataloging eng
Description conventions rda
Transcribing agency DLC
Modifying agency DLC
050 ## - LIBRARY OF CONGRESS CALL NUMBER
Classification number T48.B785
082 ## - DEWEY DECIMAL CLASSIFICATION NUMBER
Classification number 609
100 1# - MAIN ENTRY--PERSONAL NAME
Personal name Brewer, Duncan,
Dates associated with a name 1938-
245 10 - TITLE STATEMENT
Title 100 facts inventions /
Statement of responsibility, etc. Duncan Brewer ; consultants, Barbara Taylor and Steve Parker.
260 ## - PUBLICATION, DISTRIBUTION, ETC.
Place of publication, distribution, etc. San Diego :
Name of publisher, distributor, etc. Miles Kelly,
Date of publication, distribution, etc. 2003
300 ## - PHYSICAL DESCRIPTION
Extent 48 pages :
Other physical details color illustrations ;
Dimensions 30 cm.
336 ## - CONTENT TYPE
Content type term text
Content type code txt
Source rdacontent
337 ## - MEDIA TYPE
Media type term unmediated
Media type code n
Source rdamedia
338 ## - CARRIER TYPE
Carrier type term volume
Carrier type code nc
Source rdacarrier
500 ## - GENERAL NOTE
General note Includes index.
500 ## - GENERAL NOTE
General note Previously publised as: 100 things you should know about inventions. 2003.
505 0# - FORMATTED CONTENTS NOTE
Formatted contents note In the beginning -- The first inventions -- Making fire -- New ways of moving -- On the farm -- Under attack! -- From stone to metal -- Boats and sails -- Wonderful clay -- Sailing into the unknown -- Weapons of war -- Measuring time -- Harvesting nature's energy -- Marks on a page -- Making things bigger -- Making music -- Keeping in touch -- Taking to the skies -- Keeping a record -- Round the house -- From Earth into space.
520 ## - SUMMARY, ETC.
Summary, etc. Collects one hundred facts about inventions, describing inventors and inventions that have improved aspects of warfare, agriculture, and life for man since the Stone Age. Includes illustrations, cartoons, quizzes, and activities.
650 #0 - SUBJECT ADDED ENTRY--TOPICAL TERM
Topical term or geographic name entry element Inventions
Form subdivision Miscellanea
-- Juvenile literature.
650 #0 - SUBJECT ADDED ENTRY--TOPICAL TERM
Topical term or geographic name entry element Technological innovations
Form subdivision Miscellanea
-- Juvenile literature.
906 ## - LOCAL DATA ELEMENT F, LDF (RLIN)
a 7
b cbc
c orignew
d 2
e ncip
f 20
g y-gencatlg
942 ## - ADDED ENTRY ELEMENTS (KOHA)
Source of classification or shelving scheme Dewey Decimal Classification
Koha item type Books
Suppress in OPAC No
Holdings
Withdrawn status Lost status Source of classification or shelving scheme Damaged status Not for loan Collection Home library Current library Shelving location Date acquired Total Checkouts Full call number Barcode Date last seen Copy number Price effective from Koha item type
    Dewey Decimal Classification     Non-Fiction Footprints International School Library Network Toul Kork Campus Footprints International School Library Network Toul Kork Campus A TK Campus, 4th Floor, Room B401, Non-Fiction Bookcases(7-8) 04/23/2025   BRE 609 T48.B785 2025-1089 04/23/2025 1 04/23/2025 Books